Política y estabilidad monetaria en el Perú / (Record no. 21607)

000 -CABECERA
fixed length control field 01025nam a22002777a 4500
003 - IDENTIFICADOR DEL NÚMERO DE CONTROL
control field AR-CdUCM
008 - DATOS DE LONGITUD FIJA--INFORMACIÓN GENERAL
fixed length control field 190312b ||||| |||| 00| 0 spa d
020 ## - NÚMERO INTERNACIONAL ESTÁNDAR DEL LIBRO
ISBN 9789972573552
040 ## - FUENTE DE LA CATALOGACIÓN
Agencia/entidad que catalogó originalmente la obra MUNICIPALIDAD PROVINCIAL DEL CUSCO
Entidad que transcribió la catalogación BIBLIOTECA MUNICIPAL DEL CUSCO
082 ## - NÚMERO DE LA CLASIFICACIÓN DECIMAL DEWEY
No. de Clasificación 332.46/P6
Notacion interna P6
245 ## - MENCIÓN DE TÍTULO
Título Política y estabilidad monetaria en el Perú /
Resto del título editores, Gustavo Yamada, Diego Winkelried
260 ## - PUBLICACIÓN, DISTRIBUCIÓN, ETC.
Lugar de publicación, distribución, etc. Lima :
Nombre de la editorial, distribuidor, etc. Universidad del Pacífico,
Fecha de publicación, distribución, etc. 2016.
300 ## - DESCRIPCIÓN FÍSICA
Nº de Páginas Extensión 273 páginas. :
Otros detalles físicos diagramas ;
Dimensiones 24 cm.
650 ## - PUNTO DE ACCESO ADICIONAL DE MATERIA--TÉRMINO DE MATERIA
Descriptor Velarde Flores, Julio
9 (RLIN) 45509
650 ## - PUNTO DE ACCESO ADICIONAL DE MATERIA--TÉRMINO DE MATERIA
Descriptor Política monetaria
9 (RLIN) 9748
650 ## - PUNTO DE ACCESO ADICIONAL DE MATERIA--TÉRMINO DE MATERIA
Descriptor Estabilidad económica
9 (RLIN) 45510
650 ## - PUNTO DE ACCESO ADICIONAL DE MATERIA--TÉRMINO DE MATERIA
Descriptor Dólar
9 (RLIN) 38629
650 ## - PUNTO DE ACCESO ADICIONAL DE MATERIA--TÉRMINO DE MATERIA
Descriptor Aniversarios
9 (RLIN) 1064
700 ## - PUNTO DE ACCESO ADICIONAL--NOMBRE DE PERSONA
Nombre Personal Yamada Fukusaki, Gustavo (editor)
9 (RLIN) 45511
700 ## - PUNTO DE ACCESO ADICIONAL--NOMBRE DE PERSONA
Nombre Personal Winkelried, Diego (editor)
9 (RLIN) 45512
710 ## - PUNTO DE ACCESO ADICIONAL--NOMBRE DE ENTIDAD CORPORATIVA
Nombre corporativo (En letras Mayúsculas) Universidad del Pacífico (Lima)
9 (RLIN) 10408
856 ## - LOCALIZACIÓN Y ACCESO ELECTRÓNICOS
Dirección electrónica http://hdl.handle.net/11354/2207
942 ## - ELEMENTOS DE PUNTO DE ACCESO ADICIONAL (KOHA)
Fuente de clasificación
Tipo de item Libros-BMC
945 ## - PROCESAMIENTO DE INFORMACIÓN LOCAL (OCLC)
Catalogador Roel
Holdings
Estado de retiro (separado) Fuente de clasificación o esquema de estanterías Estado dañado Ubicación Sala donde se ubica Nombre de la colección Fecha de adquisición o compra Fuente de adquisición Costo, precio normal en soles Signatura topográfica Código de Barras Última vez visto (Koha) Tipo de ítem (Koha)
No     Sala Humanidades Sala Humanidades Book Cart 2020-10-15 Compra 50.00 332.46/P6 SH0000016097 2020-10-15 Libros-BMC
No     Sala Humanidades Sala Humanidades Book Cart 2020-10-15 Compra 50.00 332.46/P6/e.2 SH0000016098 2020-10-15 Libros-BMC

Powered by Koha